| 000 | 00465cam a2200169ua 4500 | ||
|---|---|---|---|
| 020 | _c595.00 | ||
| 041 |
_aeng _h |
||
| 082 |
_a925.08 _bBAR/TO |
||
| 100 | _aBarker, Philip . | ||
| 245 |
_aTop 1000 scientists from the beghinning of time to 2000 AD / _cPhilip Barker. _hTextual Documents |
||
| 260 |
_aHyderabad : _bUniversities press India Pvt Ltd , _c2002. |
||
| 300 | _a ; . | ||
| 365 | _a595.00 | ||
| 504 | _a | ||
| 942 | _cBK | ||
| 999 |
_c13535 _d13535 |
||